| 000 | 01410nam a2200337 i 4500 | ||
|---|---|---|---|
| 003 | EG-GICUC | ||
| 005 | 20260121101725.0 | ||
| 008 | 260113s2022 ua ||||fr|||| 00| 0 ara d | ||
| 020 | _a9789779404431 | ||
| 040 |
_a EG-GICUC _bara _c EG-GICUC _d EG-GICUC _erda |
||
| 041 | 0 | _aara | |
| 082 | 0 | 4 |
_a343.423 _bع ل . ع _221 |
| 092 | 0 | 4 | _221 |
| 099 | _aLaw1 10 343.423 ع ل . ع ed 2 - 2022 1006369 | ||
| 100 | 0 |
_aعلي إسماعيل أبو بكر. _eمؤلف. |
|
| 245 | 1 | 2 |
_aالعقوبات والجزاءات الإدارية المترتبة على مخالفة إجراءات حماية البيئة : _bدراسة مقارنة / _cالمستشار الدكتور علي إسماعيل أبو بكر. |
| 250 |
_aالطبعة الثانية، _bطبعة مزيدة ومنقحة |
||
| 264 | 1 |
_aالقاهرة : _bعلي إسماعيل أبو بكر، _c2022. |
|
| 300 |
_a130 صفحة ؛ _c24 سم. |
||
| 336 |
_2rda content _atext |
||
| 337 |
_2rda media _aComputer |
||
| 338 |
_2rda carrier _aOnline Resource |
||
| 504 | _aيشتمل على ارجاعات ببليوجرافية. | ||
| 546 | _aالنص باللغة العربية | ||
| 650 | 1 | 4 |
_aالتشريعات المتعلقة بالبيئة. _2qrmak |
| 650 | 1 | 4 |
_aالقانون الجنائي. _2qrmak |
| 651 | 1 | _2qrmak | |
| 856 | 4 | 0 | _uhttps://fll.law.cu.edu.eg/fulltext/bks/B10-06369.pdf |
| 905 | _a18 | ||
| 942 |
_2ddc _cBK _e21 _n0 |
||
| 999 |
_c56937 _d56937 |
||